00816nam a2200181 a 450000100100000000500170001000800410002704000250006808200150009311000990010824501260020726000910033330000270042404900090045170000440046095201130050499900170061700002857220260305073951.0110408s2003 dr a 000 | spa d aDO-SdBNPbspacBNPHU axxxbR426g1 aRepública Dominicana.b Secretaría de Estado de Medio Ambiente y Recursos Naturales91450310aGuía botánica de las rutas al Pico Duarte :bParque Nacional Armando Bermúdez /cintroducción de Frank Moya Pons. aSanto Domingo :bSecretaría de Estado de Medio Ambiente y Recursos Naturales,c2003. a45 p. :bil. ;c28 cm. aBNPD1 aMoya Pons, Frank,d1944-eintrod.92095 0010718PDaPDbPDcCTd2011-04-11iLF1l0oxxx R426gp28572-10r2020-06-25w2020-06-25yLFPDZNo se presta c28064d28064